00510 2200181 4500001002100000008004100021035002000062245007700082100002100159260003200180300003000212020001800242084001600260082001600276990001200292990001200304990001200316INLIS000000000001086 Ind  a0010-1024000217 aDahsyatnya SabarbMengelola Hati Untuk Meraih PrestasicAhmad Hadi Yasin aAhmad Hadi Yasin aJakarta :bQultumediac2012 axvi, 382 halaman :c24 cm a979-017-226-5 a152.4 AHM d a152.4 AHM d a0001533 a0001534 a0001535